|
|
|
|
| LEADER |
01436nam a2200325 a 4500 |
| 001 |
32263 |
| 003 |
BD-DhAAL |
| 005 |
20171026115100.0 |
| 008 |
171025s2012 -usab 000 0 eng |
| 999 |
|
|
|c 38422
|d 38422
|
| 010 |
|
|
|a 2010930764
|
| 020 |
|
|
|a 9781413033151 (pbk.)
|
| 020 |
|
|
|a 1413033156 (pbk.)
|
| 040 |
|
|
|a DLC
|c DLC
|d DLC
|d BD-DhAAL
|
| 050 |
0 |
0 |
|a PE1417
|b .D6124 2012
|
| 082 |
|
|
|2 22
|a 808.0427
|
| 100 |
1 |
|
|a Dole, Ivan G.
|9 22470
|4 author
|
| 245 |
1 |
0 |
|a Activate :
|b college reading /
|c Ivan G. Dole, Leslie Taggart.
|
| 260 |
|
|
|a Boston :
|b Cengage Wadsworth,
|c c2012.
|
| 300 |
|
|
|a xxx, 706 pages :
|b illustrations, (some colors.), color maps ;
|c 24 cm.
|
| 504 |
|
|
|a Includes Bibliographies (pages 699-706) and indexes
|
| 526 |
|
|
|a BIL
|
| 541 |
|
|
|a Trim Education
|e 32263
|
| 650 |
|
0 |
|a College readers.
|9 22471
|
| 650 |
|
0 |
|a English language
|x Rhetoric
|v Problems, exercises, etc.
|9 22472
|
| 650 |
|
0 |
|a Report writing
|v Problems, exercises, etc.
|9 22473
|
| 700 |
1 |
|
|a Taggart, Leslie.
|9 22474
|4 author
|
| 942 |
|
|
|2 ddc
|c BK
|
| 952 |
|
|
|0 0
|1 0
|2 ddc
|4 0
|6 808_042700000000000_DOL
|7 0
|9 61548
|a BRACUL
|b BRACUL
|c GEN
|d 2017-10-25
|e Trim Education
|g 7243.00
|l 2
|m 10
|o 808.0427 DOL
|p 3010032263
|r 2023-05-02
|s 2020-03-15
|t 2
|v 7243.00
|w 2017-10-11
|y BK
|
| 952 |
|
|
|0 0
|1 0
|2 ddc
|4 0
|6 808_042700000000000_DOL
|7 0
|9 61549
|a BRACUL
|b BRACUL
|c GEN
|d 2017-10-25
|e Trim Education
|g 7243.00
|l 2
|m 2
|o 808.0427 DOL
|p 3010032262
|r 2019-12-23
|s 2019-12-18
|t 1
|v 7243.00
|w 2017-10-11
|y BK
|